| 000 | 01446nam a22003977a 4500 | ||
|---|---|---|---|
| 001 | 000091596 | ||
| 003 | CHAP | ||
| 005 | 20220817043927.0 | ||
| 008 | 040218d2002 it rn 00110 eng d | ||
| 010 | _a88063 | ||
| 011 | _a89035 | ||
| 020 | _a9251047820 | ||
| 035 | _a99584 | ||
| 040 | _cCHAP | ||
| 082 | 0 | 4 |
_a639.2 _bF46 v.676 |
| 110 | 2 | _aFAO. Comisión de Pesca para el Atlántico Centro-Occidental | |
| 245 | 1 | 0 |
_aReport of the first regional conference on the sustainability of fisheries resources in the Brazil-Guinas shelf / _c/by FAO. Comisión de Pesca para el Atlántico Centro-Occidental. |
| 260 |
_aRome : _bFAO, _c2002. |
||
| 300 | _a27 p. | ||
| 410 | 0 | 0 |
_aFAO. _bComisión de Pesca para el Atlántico Centro Occidental |
| 490 | 0 |
_aFAO. Informe de pesca _v; 676 |
|
| 590 |
_aBATCH-UPD _b10 _c20130110 _lUCH01 _h1044 |
||
| 590 |
_aBATCH-UPD _b10 _c20130410 _lUCH01 _h0643 |
||
| 590 |
_aBATCH-UPD _b10 _c20130914 _lUCH01 _h1349 |
||
| 590 |
_aCONVERSION _b10 _c20130109 _lUCH01 _h1349 |
||
| 590 |
_aE5995AHE _b05 _c20150519 _lUCH01 _h0833 |
||
| 650 | 1 | 4 |
_aPesca _zRegión Atlántico Occidental. _987427 |
| 650 | 1 | 4 | _aRecursos marinos. |
| 810 | 0 | 0 |
_aFAO. _bComisión de Pesca para el Atlántico Centro Occidental |
| 830 | 0 |
_aFAO. Informe de pesca _v; 676 _939587 |
|
| 901 | _aBK | ||
| 905 | _aAlejandra Carrasco M. | ||
| 942 | _cLIBRO | ||
| 942 | _n0 | ||
| 949 |
_a639.2 F46 v.676 _bBC _cFAO _d33724000914552 _eFAO1 _h104365 _i99584 _sb |
||
| 999 |
_c88063 _d88063 |
||